Aproximácia európskych smerníc v oblasti bankového dohľadu

V dňoch 22.-24.9.1997 sa uskutočnil v Bratislave seminár k príprave zapracovania požiadaviek európskych smerníc v oblasti bankového dohľadu do právnych predpisov platných v SR. Výklad a využitie Druhej smernice rady č. 89/646/EHS z 15.12.1989. Smernica č. 92/121/EHS o sledovaní a kontrole úverovej a...

Description complète

Enregistré dans:
Détails bibliographiques
Auteur principal: Fendeková, Izabela
Autres auteurs: Hetteš, František
Format: Chapitre de livre
Langue:slovaque
Sujets:
Tags: Ajouter un tag
Pas de tags, Soyez le premier à ajouter un tag!

MARC

LEADER 00000naa a2200000 4500
001 r030949
005 20080513095341.6
041 0 |a slo 
044 |a SK 
245 1 0 |a Aproximácia európskych smerníc v oblasti bankového dohľadu  |c Izabela Fendeková, František Hetteš 
520 |a V dňoch 22.-24.9.1997 sa uskutočnil v Bratislave seminár k príprave zapracovania požiadaviek európskych smerníc v oblasti bankového dohľadu do právnych predpisov platných v SR. Výklad a využitie Druhej smernice rady č. 89/646/EHS z 15.12.1989. Smernica č. 92/121/EHS o sledovaní a kontrole úverovej angažovanosti úverových inštitúcií. Postavenie bankového dohľadu v rámci Bank of England. Medzinárodná spolupráca bankových dohľadov. Smernica Post BCCI - dôvodom vydania bola analýza krachu banky Bank of Credit and Commerce Internetional. 
610 2 0 |a dohľad bankový 
610 2 0 |a smernice 
610 2 0 |a Európska únia 
610 2 0 |a Slovensko 
610 2 0 |a predpisy právne 
610 2 0 |a banky 
610 2 0 |a spolupráca medzinárodná 
100 1 |a Fendeková, Izabela 
700 1 |a Hetteš, František